000 00198 a2200097 4500
001 1217
100 _aHritnoe, J
245 _aAutomotive mechanics
260 _a
_bMcgrawhill
_c
090 _c779
_d779
942 _aNUST-CAE
_cM
_c34477
999 _c236290
_d236290